Les récents guerres civiles de la Colombie et du Vénezuéla (Registro nro. 62070)

Detalles MARC
000 -ENCABEZADO
Número de control [NR] 00635nam a2200181Ia 4500
008 - DE LONGITUD FIJA DE DATOS DE ELEMENTOS - INFORMACIÓN GENERAL
Elementos de longitud fija [NR] 130821s1904 fr gr fre
040 ## - FUENTE DE CATALOGACION [NR]
Agencia de catalogación original [NR] Co-BoUCM
Idioma de catalogación [NR] spa
041 00 - CODIGO DE IDIOMA [R]
Código de idioma para texto/pista de sonido o título separado [R] Francés
100 1# - ASIENTO PRINCIPAL--NOMBRE PERSONAL [NR]
Nombre personal [NR] Rougier, Antoine
Fechas asociadas con el nombre [NR] 1877-
245 14 - MENCION DE TITULO [NR]
Título [NR] Les récents guerres civiles de la Colombie et du Vénezuéla
Mención de responsabilidad, etc. [NR] par Antoine Rougier
260 ## - PUBLICACION, DISTRIBUCION, ETC. (PIE DE IMPRENTA) [R]
Lugar de publicación, distribución, etc. [R] París (Francia)
Nombre del editor, distribuidor, etc. [R] A. Pedone
Fecha de publicación, distribución, etc. [R] 1904
300 ## - DESCRIPCION FISICA [R]
Extensión [R] 62 páginas
504 ## - NOTA DE BIBLIOGRAFIA, ETC. [R]
Nota de bibliografía, etc. [NR]
651 #7 - ASIENTO SECUNDARIO DE MATERIA - NOMBRE GEOGRAFICO [R]
Nombre geográfico [NR] Colombia
Subdivisión general [R] Historia
Subdivisión cronológica [R] 1899-1903
9 (RLIN) 26606
651 #7 - ASIENTO SECUNDARIO DE MATERIA - NOMBRE GEOGRAFICO [R]
Nombre geográfico [NR] Venezuela
Subdivisión general [R] Historia
Subdivisión cronológica [R] 1899-1903
9 (RLIN) 26721
942 ## - ELEMENTOS DE ENTRADA AGREGADOS (KOHA)
Tipo de ítem principal el descrito en 300a Libro
Tema principal Historia
Edición 1
Parte restante de la signatura top. R68r
Sistema de clasificación DEWEY
Clasificación 986.106
Existencias
Total préstamos Signatura topográfica Código de barras Última vez visto Ejemplar Price effective from Tipo de ítem Perdido Sistema de clasificación Dañado No prestable Tipo de ítem específico Suprimido Ubicación habitual Ubicación actual Localización Fecha de creación Forma de adquisición Costo
  986.106 R68r 3000682 15/12/2012 Ej.1 03/02/2013 Libro   DEWEY     Libro     Bib. Cavelier Acavalier 28/02/2013   0.00